Normal view MARC view

Entry Personal Name

Number of records used in: 1

001 - CONTROL NUMBER

  • control field: 1041801

003 - CONTROL NUMBER IDENTIFIER

  • control field: OSt

005 - DATE AND TIME OF LATEST TRANSACTION

  • control field: 20260121161228.0

008 - FIXED-LENGTH DATA ELEMENTS

  • fixed length control field: 260121|| aca||aabn | a|a d

040 ## - CATALOGING SOURCE

  • Original cataloging agency: OSt
  • Transcribing agency: OSt

100 ## - HEADING--PERSONAL NAME

  • Personal name: Catherine Lawler; Nicky Armstrong

670 ## - SOURCE DATA FOUND

  • Source citation: Work cat.: (OSt)1608617: Catherine Lawler; Nicky Armstrong, Pilgrim's Bumpy Flight: Helping Young Children Learn About Domestic Abuse Safety Planning:
Copyright @ Delhi University Library System